000 00836nam a2200253Ia 4500
003 OSt
005 20220918110211.0
006 a|||||r|||| 00| 0
007 ta
008 220915b |||||||| |||| 00| 0 eng d
020 _a817520110X (hbk)
_c4000
024 _a276218
037 _b183/2011-12, 10/02/2012, Pioneer Book Distributors
_cReference Collections
040 _aARTS
_cARTS
_beng
041 _2eng
_aeng
082 _aT4h2g, K9;Q0.1-.2(RR)
245 0 _aUniversities handbook
250 _a32nd ed.
260 _aNew Delhi
_bAssociation of Indian Universities India
_c2010
490 _vVol.1
650 _aEDUCATION; COLLEGES AND UNIVERSITIES
_96328
942 _hT4h2g, K9;Q0.1-.2(RR)
_cREF
999 _c111557
_d111557